000 00450nam a2200157 a 4500
001 000045550
005 20201002052318.0
008 150414s1999 dr 000 0 spa d
040 _aDO-SdBNP
_bspa
_cBNPHU
082 _axxxx
_bxxxx
100 1 _aDíaz, Máximo A.
_965694
245 1 0 _aTestamentos /
_cMáximo A. Díaz.
260 _aSanto Domingo :
_bEfi Graf Publicidad,
_c1999.
300 _a141 p. ;
_c21 cm.
504 _aBibliografía : p. 140-141
999 _c45039
_d45039